[Event "BCF-chT2b 1920 (4NCL)"]
[Site "Daventry"]
[Date "2020.03.01"]
[Round "2.82"]
[White "Kenworthy, Gary"]
[Black "Hand, Freddie"]
[Result "1/2-1/2"]
[WhiteElo "2263"]
[BlackElo "2184"]
[PlyCount "45"]
[EventDate "2020.01.11"]
[EventType "team-tourn"]
[EventRounds "11"]
[EventCountry "ENG"]
[SourceTitle "CBM 195 Extra"]
[Source "ChessBase"]
[SourceDate "2020.05.31"]
[SourceVersion "1"]
[SourceVersionDate "2020.05.31"]
[SourceQuality "1"]
[WhiteTeam "Kings Head"]
[BlackTeam "KJCA Kings"]
[WhiteTeamCountry "ENG"]
[BlackTeamCountry "ENG"]

1. e4 e5 2. Nf3 Nc6 3. d4 exd4 4. c3 dxc3 5. Nxc3 Bc5 6. Bc4 d6 7. Qb3 Qd7 8. Ng5 Ne5 9. Bb5 c6 10. f4 h6 11. fxe5 hxg5 12. Be2 dxe5 13. Bxg5 Ne7 14. Rd1 Bd4 15. Rf1 0-0 16. Rd3 Qd6 17. Rg3 Be6 18. Bc4 Bxc4 19. Qxc4 Bxc3+ 20. bxc3 Rad8 21. Kf2 Qe6 22. Qe2 f5 23. Kg1 1/2-1/2

[Event "BCF-chT3S 1819 (4NCL) Demotion pool"]
[Site "England"]
[Date "2019.05.06"]
[Round "11.61"]
[White "Kenworthy, Gary"]
[Black "Byron, Alan M"]
[Result "1-0"]
[WhiteElo "2249"]
[BlackElo "2208"]
[PlyCount "85"]
[EventDate "2019.04.14"]
[EventType "team-tourn"]
[EventRounds "11"]
[EventCountry "ENG"]
[SourceTitle "EXT 2021"]
[Source "ChessBase"]
[SourceDate "2020.10.23"]
[SourceVersion "1"]
[SourceVersionDate "2020.10.23"]
[SourceQuality "1"]
[WhiteTeam "MK Phoenix"]
[BlackTeam "The Rookies"]
[WhiteTeamCountry "ENG"]
[BlackTeamCountry "ENG"]

1. g3 Nf6 2. Bg2 d6 3. d4 g6 4. e4 Bg7 5. Ne2 0-0 6. 0-0 e5 7. d5 c6 8. c4 cxd5 9. cxd5 Ne8 10. Nbc3 f5 11. Be3 Nf6 12. f3 Na6 13. Qd2 Nc7 14. h3 h5 15. a4 Bd7 16. b4 Nh7 17. Rac1 Ne8 18. exf5 gxf5 19. f4 h4 20. fxe5 dxe5 21. Bc5 Rf6 22. d6 hxg3 23. Nxg3 Rc8 24. Nd5 b6 25. Nxf6+ Nhxf6 26. Bf2 f4 27. Ne2 Rxc1 28. Rxc1 Bxa4 29. Qa2+ Kf8 30. Qxa4 Qxd6 31. Rd1 Qe7 32. b5 Nh5 33. Be1 Qc5+ 34. Kf1 Kg8 35. Qb3+ Kh8 36. Qf7 Nhf6 37. Bc6 Nd6 38. Qe7 f3 39. Bxf3 Qe3 40. Bg2 Nxb5 41. Qd8+ Ng8 42. Rd3 Qc5 43. Bd5 1-0

[Event "BCF-chT3S 1819 (4NCL) Demotion pool"]
[Site "England"]
[Date "2019.05.05"]
[Round "10.61"]
[White "Davison, Chris"]
[Black "Kenworthy, Gary"]
[Result "0-1"]
[WhiteElo "2048"]
[BlackElo "2249"]
[PlyCount "78"]
[EventDate "2019.04.14"]
[EventType "team-tourn"]
[EventRounds "11"]
[EventCountry "ENG"]
[SourceTitle "EXT 2021"]
[Source "ChessBase"]
[SourceDate "2020.10.23"]
[SourceVersion "1"]
[SourceVersionDate "2020.10.23"]
[SourceQuality "1"]
[WhiteTeam "Poisoned Pawns"]
[BlackTeam "MK Phoenix"]
[WhiteTeamCountry "ENG"]
[BlackTeamCountry "ENG"]

1. Nf3 g6 2. g3 Bg7 3. Bg2 e5 4. d3 d5 5. 0-0 Ne7 6. Nbd2 0-0 7. e4 c6 8. Re1 d4 9. Nb3 a5 10. a4 Na6 11. Bd2 b6 12. c3 c5 13. cxd4 cxd4 14. Nc1 h6 15. Ne2 Be6 16. Rf1 Nc5 17. Nc1 Nc6 18. Ne1 Qd7 19. f4 Rac8 20. f5 gxf5 21. Qh5 fxe4 22. dxe4 f6 23. Bxh6 Qf7 24. Qxf7+ Rxf7 25. Bxg7 Kxg7 26. Ned3 Nb4 27. Nxc5 bxc5 28. Ra3 c4 29. Raf3 d3 30. R3f2 Rb8 31. Bf3 Nc2 32. b3 cxb3 33. Nxd3 Bc4 34. Be2 Nd4 35. Nf4 Nxe2+ 36. Nxe2 b2 37. Nc3 Bxf1 38. Rxf1 Rc7 39. Nb1 Rc1 0-1

[Event "BCF-chT2b 1415 (4NCL)"]
[Site "England"]
[Date "2014.11.16"]
[Round "2.15"]
[White "Carleton, John Joseph"]
[Black "Kenworthy, Gary"]
[Result "1-0"]
[WhiteElo "2242"]
[BlackElo "2297"]
[PlyCount "74"]
[EventDate "2014.11.15"]
[EventType "team-tourn"]
[EventRounds "7"]
[EventCountry "ENG"]
[SourceTitle "CBM 163 Extra"]
[Source "ChessBase"]
[SourceDate "2014.12.23"]
[SourceVersion "1"]
[SourceVersionDate "2014.12.23"]
[SourceQuality "1"]
[WhiteTeam "Spirit of Atticus"]
[BlackTeam "MK Phoenix"]
[WhiteTeamCountry "ENG"]
[BlackTeamCountry "ENG"]

1. d4 Nf6 2. c4 e6 3. Nc3 Bb4 4. Qc2 b6 5. e4 Bb7 6. Bd3 Bxc3+ 7. bxc3 d6 8. Ne2 Nbd7 9. 0-0 e5 10. f4 Qe7 11. Ng3 g6 12. a4 a5 13. fxe5 dxe5 14. Bg5 h6 15. Bh4 Qe6 16. c5 bxc5 17. Bb5 g5 18. Nf5 Bxe4 19. Ng7+ Ke7 20. Qd2 Qg4 21. Bg3 exd4 22. Rae1 Kf8 23. Be2 Qxg3 24. hxg3 Kxg7 25. cxd4 Rhe8 26. dxc5 Bc6 27. Bb5 Bxb5 28. Rxe8 Rxe8 29. axb5 Re5 30. c6 Nb6 31. Qxa5 Nfd5 32. Re1 f6 33. Rxe5 fxe5 34. Qa1 Kf6 35. Qf1+ Ke7 36. Qf5 Kd6 37. Qf8+ Ne7 1-0

[Event "BCF-chT2d 0910 (4NCL) Demotion pool"]
[Site "England"]
[Date "2010.03.28"]
[Round "8.1"]
[White "Kenworthy, Gary"]
[Black "Chakravorty, Prasun"]
[Result "1-0"]
[WhiteElo "2293"]
[BlackElo "2242"]
[PlyCount "57"]
[EventDate "2009.10.24"]
[EventType "team-tourn"]
[EventRounds "4"]
[EventCountry "ENG"]
[SourceTitle "EXT 2010"]
[Source "ChessBase"]
[SourceDate "2010.11.25"]
[SourceVersion "1"]
[SourceVersionDate "2010.11.25"]
[SourceQuality "1"]
[WhiteTeam "FCA Solutions"]
[BlackTeam "White Rose II"]
[WhiteTeamCountry "ENG"]
[BlackTeamCountry "ENG"]

1. e4 d5 2. exd5 Qxd5 3. Nc3 Qa5 4. Nf3 Nf6 5. Bc4 c6 6. Qe2 Bf5 7. Ne5 e6 8. g4 Bg6 9. h4 Bd6 10. f4 Nd5 11. Bxd5 cxd5 12. f5 0-0 13. fxg6 d4 14. gxh7+ Kh8 15. Nc4 Bg3+ 16. Kd1 Qd8 17. Ne4 Bc7 18. d3 b5 19. Ncd2 Nc6 20. a4 b4 21. g5 Qd5 22. Rf1 Ne7 23. Nc4 Qc6 24. Bd2 Nd5 25. a5 Rae8 26. b3 f5 27. gxf6 gxf6 28. Ra4 f5 29. Ng5 1-0

[Event "BCF-chT2d 0809 (4NCL) Demotion pool"]
[Site "Hinckley Island"]
[Date "2009.05.03"]
[Round "11.1"]
[White "Spence, David"]
[Black "Kenworthy, Gary"]
[Result "0-1"]
[WhiteElo "2237"]
[BlackElo "2287"]
[PlyCount "134"]
[EventDate "2008.10.04"]
[EventType "team-tourn"]
[EventRounds "4"]
[EventCountry "ENG"]
[SourceTitle "EXT 2010"]
[Source "ChessBase"]
[SourceDate "2010.11.25"]
[SourceVersion "1"]
[SourceVersionDate "2010.11.25"]
[SourceQuality "1"]
[WhiteTeam "Anglian Avengers"]
[BlackTeam "FCA Solutions"]
[WhiteTeamCountry "ENG"]
[BlackTeamCountry "ENG"]

1. e4 c6 2. d4 d5 3. Nc3 dxe4 4. Nxe4 Nf6 5. Nxf6+ gxf6 6. c3 Bf5 7. Nf3 e6 8. g3 Qb6 9. Qe2 Be7 10. Be3 Qa6 11. Qxa6 Nxa6 12. Nh4 Bg6 13. Bxa6 bxa6 14. 0-0-0 Bh5 15. Rde1 Kd7 16. Rhg1 Rhg8 17. Ng2 a5 18. Bd2 a4 19. Nf4 Bg6 20. Re3 Rab8 21. Rge1 Ba3 22. Nxg6 Bxb2+ 23. Kc2 hxg6 24. h4 Rb6 25. Rb1 Rgb8 26. Bc1 Bxc1 27. Rxb6 axb6 28. Kxc1 b5 29. a3 Kd6 30. Kd2 Rd8 31. Kd3 e5 32. dxe5+ fxe5 33. c4 Ke6+ 34. Kc3 Rd1 35. cxb5 cxb5 36. Kb4 Rb1+ 37. Kc5 Rb2 38. f4 f6 39. fxe5 fxe5 40. g4 Rb3 41. Re4 Kf6 42. Re1 Rxa3 43. Kxb5 Rf3 44. Ra1 a3 45. Kc5 Rg3 46. h5 Rxg4 47. hxg6 Rg3 48. Kd5 Re3 49. Kc4 Re4+ 50. Kd3 Ra4 51. Kd2 Kxg6 52. Ra2 Kf5 53. Kc3 Rh4 54. Rf2+ Ke6 55. Rf8 Ra4 56. Rf1 a2 57. Ra1 Kd5 58. Kd3 e4+ 59. Kc3 Ra7 60. Rd1+ Ke5 61. Ra1 Ra8 62. Kd2 Kd4 63. Kc2 e3 64. Rd1+ Ke4 65. Ra1 e2 66. Kd2 Kf3 67. Ke1 Rd8 0-1

[Event "BCF-chT3 0607 (4NCL)"]
[Site "Sunningdale"]
[Date "2007.05.06"]
[Round "10.2"]
[White "Wallace, Paul Anthony"]
[Black "Kenworthy, Gary"]
[Result "1/2-1/2"]
[WhiteElo "2278"]
[BlackElo "2299"]
[PlyCount "68"]
[EventDate "2006.09.16"]
[EventType "team"]
[EventRounds "11"]
[EventCountry "ENG"]
[SourceTitle "EXT 2008"]
[Source "ChessBase"]
[SourceDate "2007.11.25"]
[SourceVersion "1"]
[SourceVersionDate "2007.11.25"]
[SourceQuality "1"]
[WhiteTeam "Cheddleton"]
[BlackTeam "FCA Solutions"]
[WhiteTeamCountry "ENG"]
[BlackTeamCountry "ENG"]

1. e4 c5 2. Nf3 e6 3. d4 cxd4 4. Nxd4 a6 5. Bd3 Nc6 6. Be3 Nf6 7. Nc3 Bb4 8. 0-0 d5 9. Nxc6 bxc6 10. e5 Nd7 11. Qg4 Bf8 12. Qg3 c5 13. Bf4 Bb7 14. b3 Nb6 15. a4 c4 16. bxc4 Nxc4 17. Rab1 Qc7 18. Bxc4 dxc4 19. Rfd1 g6 20. h4 h6 21. Rd4 Rd8 22. Rxd8+ Kxd8 23. Qe3 Qc6 24. Qd2+ Kc8 25. f3 Be7 26. Ne4 Qxa4 27. Nd6+ Bxd6 28. exd6 Rd8 29. Qd4 a5 30. Rb6 Rd7 31. Qh8+ Rd8 32. Qd4 Rd7 33. Qh8+ Rd8 34. Qd4 Rd7 1/2-1/2

[Event "BCF-chT2 0304 (4NCL)"]
[Site "West Bromwich"]
[Date "2004.03.21"]
[Round "6.3"]
[White "Kenworthy, Gary"]
[Black "Thomas, Richard Huw"]
[Result "1-0"]
[WhiteElo "2293"]
[BlackElo "2235"]
[PlyCount "105"]
[EventDate "2003.11.17"]
[EventType "team"]
[EventRounds "11"]
[EventCountry "ENG"]
[SourceTitle "EXT 2005"]
[Source "ChessBase"]
[SourceDate "2004.11.15"]
[SourceVersion "1"]
[SourceVersionDate "2004.11.15"]
[SourceQuality "1"]
[WhiteTeam "Mindsports"]
[BlackTeam "Kings Head"]
[WhiteTeamCountry "ENG"]
[BlackTeamCountry "ENG"]

1. e4 g6 2. d4 Bg7 3. Nc3 c6 4. Nf3 d5 5. h3 dxe4 6. Nxe4 Nd7 7. Bc4 Ngf6 8. Nxf6+ Nxf6 9. 0-0 0-0 10. Qe2 Qd6 11. Re1 e6 12. a4 Nd5 13. Bb3 a5 14. Qe4 h6 15. c3 b6 16. Bc2 Nf6 17. Qh4 Nh5 18. Ne5 Bb7 19. Ng4 Qd8 20. Nxh6+ Bxh6 21. Qxd8 Rfxd8 22. Bxh6 c5 23. Be3 c4 24. b4 Nf6 25. Bg5 Kg7 26. bxa5 bxa5 27. Rab1 Bc6 28. Rb6 Rdc8 29. Bxf6+ Kxf6 30. Rxc6 Rxc6 31. Be4 Rac8 32. Bxc6 Rxc6 33. Re5 Rb6 34. Rc5 Rb3 35. Rxc4 Ra3 36. g4 Kg5 37. Kg2 Kf4 38. Rc7 f5 39. Rc6 Rxa4 40. Rxe6 Rc4 41. Rxg6 fxg4 42. Rxg4+ Kf5 43. Rh4 Kg5 44. Re4 a4 45. Re5+ Kf4 46. Ra5 Ke4 47. h4 Kd3 48. h5 Kxc3 49. h6 Kb3 50. d5 a3 51. d6 Rc8 52. h7 a2 53. d7 1-0

[Event "Blackpool Ron Banwell Masters"]
[Site "Blackpool"]
[Date "2003.08.05"]
[Round "3"]
[White "Kenworthy, Gary"]
[Black "Howell, David"]
[Result "1/2-1/2"]
[WhiteElo "2269"]
[BlackElo "2323"]
[PlyCount "114"]
[EventDate "2003.08.04"]
[EventType "tourn"]
[EventRounds "9"]
[EventCountry "ENG"]
[EventCategory "2"]
[SourceTitle "CBM 095 Extra"]
[Source "ChessBase"]
[SourceDate "2003.09.04"]
[SourceVersion "1"]
[SourceVersionDate "2003.09.04"]
[SourceQuality "1"]

1. e4 e5 2. d4 exd4 3. c3 d5 4. exd5 Qxd5 5. cxd4 Nc6 6. Nf3 Bg4 7. Be2 Bb4+ 8. Nc3 Bxf3 9. Bxf3 Qc4 10. Qb3 Qxb3 11. axb3 Nxd4 12. Bxb7 Rd8 13. 0-0 a5 14. Nd5 Nxb3 15. Nxb4 Nxa1 16. Nc6 Rd3 17. b4 a4 18. Bb2 Nc2 19. Bxg7 f6 20. Bxh8 a3 21. g4 a2 22. Ne5 Rd4 23. Bc6+ Kf8 24. g5 fxe5 25. Bxe5 a1Q 26. Rxa1 Rg4+ 27. Kf1 Nxa1 28. f4 Rh4 29. b5 Ne7 30. Bf3 Nb3 31. Kg2 Ng6 32. Bxc7 Nxf4+ 33. Kg3 Ng6 34. b6 Na5 35. Bg4 Ke8 36. h3 Nb7 37. Bc8 Na5 38. Bg4 Nb7 39. Bc8 Nc5 40. Bg4 Ke7 41. Bb8 Ne4+ 42. Kg2 Rxg4+ 43. hxg4 Nc5 44. Bg3 Ke6 45. Bf2 Nb7 46. Be3 Kd5 47. Kf3 Nf8 48. Bc1 Ne6 49. Kg3 Nf8 50. Kh4 Ke6 51. Kh5 Kf7 52. Ba3 Ng6 53. Kh6 Kg8 54. Bc1 Nd8 55. Kh5 Ne7 56. Bf4 Nb7 57. Bc7 Kg7 1/2-1/2

[Event "Blackpool Ron Banwell Masters"]
[Site "Blackpool"]
[Date "2003.08.04"]
[Round "2"]
[White "Specht, Josh"]
[Black "Kenworthy, Gary"]
[Result "1/2-1/2"]
[WhiteElo "2111"]
[BlackElo "2269"]
[PlyCount "80"]
[EventDate "2003.08.04"]
[EventType "tourn"]
[EventRounds "9"]
[EventCountry "ENG"]
[EventCategory "2"]
[SourceTitle "CBM 095 Extra"]
[Source "ChessBase"]
[SourceDate "2003.09.04"]
[SourceVersion "1"]
[SourceVersionDate "2003.09.04"]
[SourceQuality "1"]

1. e4 g6 2. d4 Bg7 3. Nf3 d6 4. Bc4 Nc6 5. h3 Nf6 6. Qe2 d5 7. exd5 Nxd5 8. 0-0 0-0 9. Bg5 h6 10. Bxd5 Qxd5 11. Be3 Qh5 12. Re1 Bd7 13. c3 Rfe8 14. Ne5 Qxe2 15. Rxe2 Nxe5 16. dxe5 Bb5 17. Re1 Bxe5 18. Bxh6 Bf6 19. Nd2 Bc6 20. Ne4 Bxe4 21. Rxe4 Rad8 22. Bf4 Rd7 23. Rae1 Red8 24. Be5 Bxe5 25. Rxe5 e6 26. f3 Kg7 27. Kf2 Kf6 28. R5e2 c5 29. Re4 b6 30. R4e2 a5 31. Re5 g5 32. R5e4 Rd5 33. c4 Rd2+ 34. R4e2 R2d4 35. Re4 a4 36. R1e2 b5 37. cxb5 Rb8 38. R4e3 Rxb5 39. Rc2 Rd1 40. Re1 Rd4 1/2-1/2

[Event "BCF-chT3 0203 (4NCL)"]
[Site "West Bromwich"]
[Date "2003.05.24"]
[Round "9.2"]
[White "Walsh, Chris"]
[Black "Kenworthy, Gary"]
[Result "1/2-1/2"]
[WhiteElo "2204"]
[BlackElo "2259"]
[PlyCount "99"]
[EventDate "2002.11.??"]
[EventType "team"]
[EventRounds "11"]
[EventCountry "ENG"]
[SourceTitle "EXT 2004"]
[Source "ChessBase"]
[SourceDate "2003.11.25"]
[SourceVersion "1"]
[SourceVersionDate "2003.11.25"]
[SourceQuality "1"]
[WhiteTeam "Nidum Knights"]
[BlackTeam "Mindsports"]
[WhiteTeamCountry "ENG"]
[BlackTeamCountry "ENG"]

1. e4 g6 2. d4 Bg7 3. Nf3 d6 4. Nc3 a6 5. a4 Nf6 6. h3 0-0 7. Be3 Nc6 8. Be2 b6 9. 0-0 e6 10. Qd2 Bb7 11. Bg5 Ne7 12. Qf4 Nh5 13. Qh4 f6 14. Be3 f5 15. Ng5 Qd7 16. Bxh5 gxh5 17. Qxh5 h6 18. Nf3 fxe4 19. Nd2 Nf5 20. Ndxe4 b5 21. axb5 axb5 22. Rxa8 Bxa8 23. b4 Qc6 24. g4 Nxd4 25. Bxd4 Bxd4 26. Qxb5 Bxc3 27. Qxc6 Bxc6 28. Nxc3 Rf3 29. Ne2 Rxh3 30. Ng3 Bf3 31. Ra1 Rh4 32. Ra3 Bxg4 33. Ra8+ Kf7 34. Ra7 Bf3 35. Rxc7+ Kf6 36. c3 Rg4 37. Kf1 Ke5 38. Ke1 h5 39. Kd2 h4 40. Nf1 h3 41. Nh2 Rf4 42. Nxf3+ Rxf3 43. Ke2 h2 44. Rh7 Rxc3 45. Rxh2 d5 46. Rh5+ Kd6 47. Rh4 Rb3 48. Kd2 Rf3 49. Ke2 Rf6 50. Ke3 1/2-1/2

[Event "BCF-chT3 0102 (4NCL)"]
[Site "Birmingham"]
[Date "2002.05.06"]
[Round "11.2"]
[White "Kenworthy, Gary"]
[Black "Van Kemenade, Rudy"]
[Result "0-1"]
[WhiteElo "2282"]
[BlackElo "1992"]
[PlyCount "72"]
[EventDate "2001.09.??"]
[EventType "team"]
[EventRounds "11"]
[EventCountry "ENG"]
[SourceTitle "EXT 2003"]
[Source "ChessBase"]
[SourceDate "2002.11.25"]
[SourceVersion "1"]
[SourceVersionDate "2002.11.25"]
[SourceQuality "1"]
[WhiteTeam "Mindsports"]
[BlackTeam "White Rose II"]
[WhiteTeamCountry "ENG"]
[BlackTeamCountry "ENG"]

1. c4 g6 2. g3 Bg7 3. Bg2 Nc6 4. Nc3 d6 5. e3 e5 6. Nge2 h5 7. h3 Be6 8. d4 exd4 9. Nxd4 Nge7 10. Nxe6 fxe6 11. Ne4 Nf5 12. Qb3 Qd7 13. Qxb7 0-0 14. Ng5 Ne5 15. Nxe6 Nd3+ 16. Ke2 Nxf2 17. Kxf2 Qxe6 18. Bf3 Kh8 19. Qd5 Qe7 20. Qxa8 Rxa8 21. Bxa8 h4 22. Bd5 hxg3+ 23. Ke2 c6 24. Bg2 Qf7 25. Be4 g2 26. Bxg2 Ng3+ 27. Ke1 Qxc4 28. Bf3 Nxh1 29. Bxh1 Bf6 30. Bg2 Qc2 31. Bd2 Bxb2 32. Rd1 Qd3 33. Kf2 Bf6 34. Kg1 Qe2 35. Rf1 Be5 36. Be1 Qxa2 0-1

[Event "BCF-chT 0001 (4NCL)"]
[Site "Birmingham"]
[Date "2001.05.05"]
[Round "9.3"]
[White "Kenworthy, Gary"]
[Black "Hebden, Mark"]
[Result "0-1"]
[WhiteElo "2283"]
[BlackElo "2560"]
[PlyCount "64"]
[EventDate "2000.09.??"]
[EventType "team"]
[EventRounds "11"]
[EventCountry "ENG"]
[SourceTitle "EXT 2002"]
[Source "ChessBase"]
[SourceDate "2001.11.25"]
[SourceVersion "1"]
[SourceVersionDate "2001.11.25"]
[SourceQuality "1"]
[WhiteTeam "Barbican II"]
[BlackTeam "IND"]
[WhiteTeamCountry "ENG"]
[BlackTeamCountry "ENG"]

1. c4 g6 2. g3 Bg7 3. Bg2 Nf6 4. Nc3 0-0 5. e4 c5 6. Nge2 Nc6 7. 0-0 d6 8. d3 Rb8 9. h3 a6 10. a4 Ne8 11. f4 Nc7 12. f5 b5 13. axb5 axb5 14. cxb5 Nxb5 15. Nxb5 Rxb5 16. Nc3 Rb8 17. g4 Nd4 18. Nd5 Bb7 19. Ra7 Bxd5 20. exd5 Ra8 21. Rxa8 Qxa8 22. h4 gxf5 23. gxf5 Kh8 24. Be4 Bf6 25. Kh1 Rg8 26. Qh5 Qa1 27. Bg2 Nb3 28. Bg5 Qxb2 29. Qxf7 Bxg5 30. hxg5 Rxg5 31. Be4 Qe2 32. Rb1 Qg4 0-1

[Event "BCF-chT3b 0001 (4NCL)"]
[Site "Birmingham"]
[Date "2001.03.17"]
[Round "7.3"]
[White "Kenworthy, Gary"]
[Black "Elwin, Adrian G"]
[Result "1/2-1/2"]
[WhiteElo "2283"]
[BlackElo "2000"]
[PlyCount "96"]
[EventDate "2000.11.26"]
[EventType "team-tourn"]
[EventRounds "7"]
[EventCountry "ENG"]
[SourceTitle "EXT 2002"]
[Source "ChessBase"]
[SourceDate "2001.11.25"]
[SourceVersion "1"]
[SourceVersionDate "2001.11.25"]
[SourceQuality "1"]
[WhiteTeam "Barbican III"]
[BlackTeam "Milton Keynes"]
[WhiteTeamCountry "ENG"]
[BlackTeamCountry "ENG"]

1. e4 c6 2. Nc3 d5 3. Nf3 dxe4 4. Nxe4 Nf6 5. Qe2 e6 6. d3 Nbd7 7. g3 Nxe4 8. dxe4 Bc5 9. Bg2 0-0 10. 0-0 e5 11. Bg5 Qe8 12. Rad1 f6 13. Bc1 Nb6 14. Nh4 Be6 15. b3 Qe7 16. Nf5 Bxf5 17. exf5 Rad8 18. a4 Rxd1 19. Rxd1 Rd8 20. a5 Rxd1+ 21. Qxd1 Nc8 22. Qd3 Qd6 23. Qc4+ Kf8 24. Bf1 Ne7 25. c3 a6 26. b4 Ba7 27. Qd3 Qxd3 28. Bxd3 Ke8 29. Kg2 Kd7 30. Bd2 Kd6 31. f4 Bb8 32. fxe5+ fxe5 33. Kf3 Nd5 34. c4 Nf6 35. g4 h6 36. h4 Ke7 37. g5 hxg5 38. hxg5 Nd7 39. Be4 Bd6 40. b5 axb5 41. cxb5 cxb5 42. Bxb7 Bc5 43. a6 Kd6 44. Ba5 b4 45. Bxb4 Bxb4 46. a7 Nb6 47. f6 gxf6 48. g6 Ke7 1/2-1/2

[Event "BCF-chT3b 0001 (4NCL)"]
[Site "Birmingham"]
[Date "2000.11.25"]
[Round "3.2"]
[White "Kenworthy, Gary"]
[Black "Forbes, Cathy"]
[Result "1-0"]
[WhiteElo "2283"]
[BlackElo "2073"]
[PlyCount "55"]
[EventDate "2000.11.26"]
[EventType "team-tourn"]
[EventRounds "7"]
[EventCountry "ENG"]
[SourceTitle "EXT 2002"]
[Source "ChessBase"]
[SourceDate "2001.11.25"]
[SourceVersion "1"]
[SourceVersionDate "2001.11.25"]
[SourceQuality "1"]
[WhiteTeam "Barbican III"]
[BlackTeam "White Rose II"]
[WhiteTeamCountry "ENG"]
[BlackTeamCountry "ENG"]

1. e4 c5 2. Nf3 e6 3. d4 cxd4 4. Nxd4 a6 5. c4 Nf6 6. Nc3 Qc7 7. Be2 Bd6 8. Be3 h5 9. Qd2 Ng4 10. Ndb5 axb5 11. Nxb5 Qa5 12. Nxd6+ Ke7 13. b4 Qe5 14. Bd4 Qxd6 15. Bc5 Qxc5 16. bxc5 Ra6 17. Bxg4 hxg4 18. Qg5+ Ke8 19. Qxg7 Rf8 20. h3 gxh3 21. Rxh3 Rc6 22. Kd2 Na6 23. Rah1 Nxc5 24. Rh8 Rxh8 25. Rxh8+ Ke7 26. Qf8+ Kf6 27. Ke3 d6 28. Rh6+ 1-0

[Event "BCF-chT2 9900 (4NCL)"]
[Site "Birmingham"]
[Date "2000.04.29"]
[Round "9.4"]
[White "Kenworthy, Gary"]
[Black "Armstrong, Malcolm J"]
[Result "1-0"]
[WhiteElo "2279"]
[BlackElo "2146"]
[PlyCount "79"]
[EventDate "1999.10.??"]
[EventType "team"]
[EventRounds "11"]
[EventCountry "ENG"]
[SourceTitle "EXT 2001"]
[Source "ChessBase"]
[SourceDate "2000.11.22"]
[SourceVersion "1"]
[SourceVersionDate "2000.11.22"]
[SourceQuality "1"]
[WhiteTeam "Barbican II"]
[BlackTeam "Slough II"]
[WhiteTeamCountry "ENG"]
[BlackTeamCountry "ENG"]

1. e4 c6 2. Nc3 d5 3. Nf3 Bg4 4. d4 e6 5. Be2 Nf6 6. h3 Bxf3 7. Bxf3 dxe4 8. Nxe4 Nxe4 9. Bxe4 Nd7 10. c3 Nf6 11. Bf3 Qc7 12. Qb3 Be7 13. 0-0 0-0 14. g3 Rfd8 15. Bg2 Rd7 16. Re1 c5 17. Bf4 Qb6 18. Be5 Qxb3 19. axb3 Nd5 20. dxc5 Bxc5 21. Ra5 Bb6 22. Ra4 f6 23. Bd4 Bxd4 24. Rxd4 Kf7 25. c4 Nb6 26. Rxd7+ Nxd7 27. Ra1 a6 28. Bxb7 Rb8 29. Bc6 Nc5 30. Ra5 Nxb3 31. Rxa6 Nd4 32. Ra7+ Kg6 33. Bb7 Nb3 34. Be4+ f5 35. Rb7 Rxb7 36. Bxb7 Kf6 37. Bf3 Ke5 38. Bd1 Na5 39. c5 Kd5 40. b4 1-0

[Event "BCF-chT 9899 (4NCL)"]
[Site "England"]
[Date "1998.10.24"]
[Round "1.6"]
[White "Kenworthy, Gary"]
[Black "Williamson, Paul L"]
[Result "1-0"]
[WhiteElo "2275"]
[BlackElo "2170"]
[PlyCount "82"]
[EventDate "1998.10.??"]
[EventType "team"]
[EventRounds "11"]
[EventCountry "ENG"]
[SourceTitle "EXT 2000"]
[Source "ChessBase"]
[SourceDate "1999.11.16"]
[SourceVersion "1"]
[SourceVersionDate "1999.11.16"]
[SourceQuality "1"]
[WhiteTeam "Barbican II"]
[BlackTeam "Barbican"]
[WhiteTeamCountry "ENG"]
[BlackTeamCountry "ENG"]

1. c4 Nf6 2. g3 c6 3. Bg2 d5 4. b3 g6 5. Bb2 Bg7 6. Nf3 0-0 7. 0-0 Re8 8. d3 Bg4 9. Nbd2 Nbd7 10. h3 Bxf3 11. Nxf3 Nh5 12. Bxg7 Nxg7 13. d4 Nf5 14. Qc2 Nf6 15. Rfd1 Rc8 16. c5 e6 17. b4 Qc7 18. e3 Nd7 19. a4 a6 20. Qb2 Ra8 21. Rdc1 Reb8 22. Ra3 Ne7 23. Rb3 f6 24. h4 Kf7 25. Bh3 b5 26. Ra1 Ra7 27. axb5 axb5 28. Rxa7 Qxa7 29. Ra3 Qc7 30. Qa2 Rb7 31. e4 Nf8 32. e5 f5 33. Ng5+ Kg7 34. Ra8 Rb8 35. Qa7 Qxa7 36. Rxa7 Re8 37. Bf1 h6 38. Nf3 Kf7 39. Nd2 Rb8 40. Nb3 Ke8 41. Na5 h5 1-0

[Event "BCF-chT2 9798 (4NCL)"]
[Site "England"]
[Date "1998.05.25"]
[Round "11.3"]
[White "Kenworthy, Gary"]
[Black "Neil, David"]
[Result "1/2-1/2"]
[WhiteElo "2265"]
[BlackElo "2265"]
[PlyCount "96"]
[EventDate "1997.11.??"]
[EventType "team"]
[EventRounds "11"]
[EventCountry "ENG"]
[SourceTitle "EXT 1999"]
[Source "ChessBase"]
[SourceDate "1998.11.16"]
[SourceVersion "1"]
[SourceVersionDate "1998.11.16"]
[SourceQuality "1"]
[WhiteTeam "Barbican II"]
[BlackTeam "Wessex"]
[WhiteTeamCountry "ENG"]
[BlackTeamCountry "ENG"]

1. e4 Nf6 2. e5 Nd5 3. d4 d6 4. Nf3 dxe5 5. Nxe5 g6 6. Bc4 c6 7. h4 Bg7 8. h5 Be6 9. hxg6 hxg6 10. Rxh8+ Bxh8 11. Qe2 Nd7 12. Nf3 Qb6 13. c3 Nc7 14. Na3 Qa5 15. Ng5 Bd5 16. Bf4 Bf6 17. Ne4 Ne6 18. Bd2 0-0-0 19. 0-0-0 Bxc4 20. Qxc4 Rh8 21. f3 Kb8 22. Kb1 Bg7 23. Be1 Ka8 24. Bg3 Nf6 25. Nxf6 Bxf6 26. d5 cxd5 27. Rxd5 Qb6 28. Rd1 a6 29. Nc2 Qc5 30. Qxc5 Nxc5 31. Ne3 e6 32. Kc2 Rd8 33. Rxd8+ Bxd8 34. Nc4 Nd7 35. b4 b6 36. Kd3 f6 37. a4 Kb7 38. Nd6+ Ka7 39. Ne8 Kb7 40. c4 Be7 41. Nd6+ Bxd6 42. Bxd6 Kc6 43. Be7 Kc7 44. b5 axb5 45. axb5 Kb7 46. Bd6 Kc8 47. Kd4 Kb7 48. f4 Kc8 1/2-1/2